Statistics for Countries with Most World Heritage Sites(with Surprise)

Click here to take the quiz!

General Stats

  • This quiz has been taken 125 times
  • The average score is 36 of 196

Answer Stats

Country% Correct
China
97%
United States
96%
United Kingdom
95%
India
94%
Italy
94%
Spain
93%
France
92%
Germany
91%
Russia
89%
Japan
88%
Brazil
84%
Mexico
84%
Egypt
78%
Canada
76%
Australia
75%
Greece
75%
Turkey
74%
Portugal
69%
Poland
64%
Iran
63%
Indonesia
57%
Peru
56%
Argentina
55%
Sweden
54%
Austria
52%
South Korea
52%
Thailand
52%
Switzerland
50%
Netherlands
49%
Israel
47%
Pakistan
47%
South Africa
44%
New Zealand
43%
Norway
43%
Iraq
42%
Ireland
39%
Saudi Arabia
38%
Belgium
37%
Colombia
36%
Denmark
36%
Ukraine
34%
Chile
32%
Vietnam
30%
Finland
27%
Hungary
26%
Romania
26%
Syria
26%
Czech Republic
25%
Morocco
25%
Jordan
24%
Cambodia
22%
Afghanistan
20%
Iceland
19%
Myanmar
19%
Nepal
19%
Taiwan
19%
Malaysia
18%
Venezuela
18%
Algeria
15%
Ethiopia
15%
Philippines
15%
Serbia
14%
Mongolia
13%
United Arab Emirates
13%
Albania
12%
Bulgaria
12%
Laos
12%
Tunisia
12%
Vatican City
12%
Bangladesh
11%
Croatia
11%
Cuba
11%
Sudan
11%
Ecuador
10%
Guatemala
10%
Kenya
10%
Niger
10%
Nigeria
10%
Panama
10%
Papua New Guinea
10%
Kazakhstan
9%
Singapore
9%
Slovakia
9%
Belarus
8%
Libya
8%
North Korea
8%
Oman
8%
Armenia
7%
Azerbaijan
7%
Bolivia
7%
Democratic Republic of the Congo
7%
Malta
7%
Qatar
7%
Republic of the Congo
7%
Andorra
6%
Bhutan
6%
Cyprus
6%
Georgia
6%
Lebanon
6%
Mali
6%
Sri Lanka
6%
Tanzania
6%
Yemen
6%
Costa Rica
5%
Estonia
5%
Fiji
5%
Latvia
5%
Liechtenstein
5%
Lithuania
5%
Monaco
5%
Slovenia
5%
Chad
4%
El Salvador
4%
Kosovo
4%
Kuwait
4%
Luxembourg
4%
Macedonia
4%
Montenegro
4%
Nicaragua
4%
San Marino
4%
Somalia
4%
Suriname
4%
Uruguay
4%
Bahrain
3%
Belize
3%
Bosnia and Herzegovina
3%
Dominican Republic
3%
Haiti
3%
Jamaica
3%
Moldova
3%
Namibia
3%
Turkmenistan
3%
Uzbekistan
3%
Zimbabwe
3%
Botswana
2%
Burkina Faso
2%
Burundi
2%
Cape Verde
2%
Central African Republic
2%
Dominica
2%
Eritrea
2%
Honduras
2%
Kyrgyzstan
2%
Lesotho
2%
Mauritania
2%
Mauritius
2%
Mozambique
2%
Samoa
2%
Senegal
2%
South Sudan
2%
Tajikistan
2%
Togo
2%
Tonga
2%
Tuvalu
2%
Zambia
2%
Angola
1%
Bahamas
1%
Benin
1%
East Timor
1%
Gabon
1%
Gambia
1%
Ghana
1%
Grenada
1%
Guyana
1%
Liberia
1%
Madagascar
1%
Malawi
1%
Maldives
1%
Nauru
1%
Paraguay
1%
Rwanda
1%
São Tomé and Príncipe
1%
Swaziland
1%
Antigua and Barbuda
0%
Barbados
0%
Brunei
0%
Cameroon
0%
Comoros
0%
Djibouti
0%
Equatorial Guinea
0%
Federated States of Micronesia
0%
Guinea
0%
Guinea-Bissau
0%
Ivory Coast
0%
Kiribati
0%
Marshall Islands
0%
Palau
0%
Saint Kitts and Nevis
0%
Saint Lucia
0%
Saint Vincent and the Grenadines
0%
Seychelles
0%
Sierra Leone
0%
Solomon Islands
0%
Trinidad and Tobago
0%
Uganda
0%
Vanuatu
0%

Score Distribution

Percentile by Number Answered

Percent of People with Each Score

Your Score History

You have not taken this quiz